Statistiques concernant 15 principaux pays touchés par Covid-19 - 16 mai 2021

Cliquez ici pour prendre le quiz!

Statistiques générales

  • Ce quiz a été pris 20 fois
  • Le résultat moyen est 16 sur 28

Statistiques - réponses

pays% Correct
Etats-Unis
100%
France
100%
Mexique
94%
Allemagne
89%
Brésil
89%
Espagne
89%
Inde
83%
Italie
83%
Russie
83%
Argentine
78%
Royaume-Uni
78%
Portugal
72%
Iran
61%
Pologne
61%
Turquie
61%
Belgique
56%
Colombie
56%
Suède
56%
Pays-Bas
44%
Croatie
33%
Israël
22%
Tchèquie
22%
Bahreïn
17%
Panama
17%
Slovénie
17%
Estonie
6%
Géorgie
6%
Lituanie
6%

Distribution des résultats

Percentile par nombre de réponses

% des personnes avec chaque résultat

Votre développement - résultats

Vous n’avez pas pris ce quiz